[Event "Zurich Korchnoi Open 2017"]
[Site "Zurich SUI"]
[Date "2017.04.13"]
[Round "1.2"]
[White "Safarli, Eltaj"]
[Black "Golubeva, Oksana"]
[Result "1-0"]
[WhiteTitle "GM"]
[BlackTitle "WFM"]
[WhiteElo "2680"]
[BlackElo "2154"]
[WhiteFideId "13402129"]
[BlackFideId "4170164"]
[EventDate "2017.04.13"]

1. e4 e6 2. d4 d5 3. Nd2 Nf6 4. e5 Nfd7 5. Bd3 c5 6. c3 cxd4 7. cxd4 Nc6 8. Ne2
f6 9. exf6 Qxf6 10. Nf3 h6 11. O-O Bd6 12. Bc2 O-O 13. Qd3 Rd8 14. a3 Nf8 15. b4
Bd7 16. b5 Na5 17. Ne5 Nc4 18. Nxd7 Rxd7 19. f4 Rc8 20. Bb1 Bc7 21. Be3 Bb6 22.
Bf2 Nd6 23. a4 Ne4 24. a5 Bc5 25. Be1 Be7 26. Qf3 Nd6 27. Bd3 Nf5 28. Bf2 Bb4
29. Ra4 Bd6 30. g3 Rf7 31. Be1 Ne7 32. Bd2 Nd7 33. Kg2 Rcf8 34. Qg4 Nf5 35. h4
Qe7 36. Ng1 Nf6 37. Qe2 Ne4 38. Bxe4 dxe4 39. Qxe4 g5 40. d5 gxh4 41. Qxe6 hxg3
42. Nf3 Qxe6 43. dxe6 Re7 44. Re4 Rf6 45. Rfe1 Rg6 46. Bc3 Rg4 47. Nd4 Nxd4 48.
Rxd4 Bc5 49. Rd8+ Kh7 50. f5 Rg8 51. Rxg8 Kxg8 52. f6 1-0

[Event "Zurich Korchnoi Open 2017"]
[Site "Zurich SUI"]
[Date "2017.04.13"]
[Round "1.3"]
[White "Zenker, Ulrich"]
[Black "Van Wely, Loek"]
[Result "0-1"]
[WhiteTitle "FM"]
[BlackTitle "GM"]
[WhiteElo "2150"]
[BlackElo "2669"]
[WhiteFideId "4614976"]
[BlackFideId "1000268"]
[EventDate "2017.04.13"]

1. e4 c5 2. Nc3 e6 3. g3 Nc6 4. Bg2 g6 5. d3 Bg7 6. Be3 Nd4 7. Nh3 Ne7 8. O-O
O-O 9. Qd2 d6 10. Bh6 Bxh6 11. Qxh6 f6 12. Qd2 Qa5 13. f4 e5 14. fxe5 dxe5 15.
Qh6 Bxh3 16. Bxh3 Nxc2 17. Rac1 Nd4 18. Rf2 Rad8 19. Bg4 Qa6 20. Rcf1 Rd6 21. h4
Qxd3 22. Bd1 Rf7 23. Kg2 b5 24. Rd2 Qxd2+ 25. Qxd2 Kg7 26. Qe3 c4 27. Nxb5 Nxb5
28. Qc5 Rd2+ 29. Rf2 Rxd1 30. Qxb5 Rd4 31. Qc5 Rxe4 32. Qxa7 Nf5 33. Qc5 Rg4 34.
Kh2 Nxg3 35. Rg2 Ne4 36. Qxc4 Rxh4+ 37. Kg1 Rd7 38. Qc2 Ng5 39. Re2 Rdd4 40. Qc6
Rd1+ 41. Kf2 Rf4+ 42. Kg2 Rg4+ 43. Kh2 e4 44. Rg2 Rh4+ 45. Kg3 Rh3+ 0-1

[Event "Zurich Korchnoi Open 2017"]
[Site "Zurich SUI"]
[Date "2017.04.14"]
[Round "2.1"]
[White "Miezis, Normunds"]
[Black "Safarli, Eltaj"]
[Result "1/2-1/2"]
[WhiteTitle "GM"]
[BlackTitle "GM"]
[WhiteElo "2468"]
[BlackElo "2680"]
[WhiteFideId "11600136"]
[BlackFideId "13402129"]
[EventDate "2017.04.13"]

1. c4 c5 2. Nc3 Nc6 3. g3 g6 4. Bg2 Bg7 5. d3 d6 6. a3 e6 7. e4 Nge7 8. Nge2 O-O
9. Rb1 b6 10. b4 Bb7 11. O-O Qd7 12. b5 Nd4 13. Nxd4 cxd4 14. Na2 f5 15. Nb4
Rac8 16. Qe2 fxe4 17. Bxe4 Bxe4 18. Qxe4 d5 19. cxd5 Nxd5 20. Bd2 Nf6 21. Qe2
Qxb5 22. Qxe6+ Kh8 23. Rbc1 Rce8 24. Qc6 Qh5 25. Qg2 Re2 26. Bf4 Ng4 27. Nd5
Nxh2 28. Qxh2 Qxd5 29. Rc7 h5 30. Qg2 Qxg2+ 31. Kxg2 a5 32. Rb7 Rc8 33. Rxb6 Kh7 1/2-1/2

[Event "Zurich Korchnoi Open 2017"]
[Site "Zurich SUI"]
[Date "2017.04.14"]
[Round "2.3"]
[White "Ballmann, Martin"]
[Black "Rakhmanov, Aleksandr"]
[Result "1/2-1/2"]
[WhiteTitle "IM"]
[BlackTitle "GM"]
[WhiteElo "2395"]
[BlackElo "2665"]
[WhiteFideId "1300350"]
[BlackFideId "4173708"]
[EventDate "2017.04.13"]

1. d4 Nf6 2. Bf4 g6 3. e3 Bg7 4. Nf3 O-O 5. h3 d6 6. Be2 Nc6 7. O-O Ne4 8. Nbd2
Nxd2 9. Qxd2 e5 10. Bh2 Bf5 11. Rad1 Qf6 12. d5 Nb8 13. Bg3 h6 14. Nh4 Bc8 15.
e4 Nd7 16. Qe3 Kh7 17. Nf3 a5 18. Bh2 Qe7 19. g4 Nc5 20. Ne1 f5 21. exf5 gxf5
22. f4 Ne4 23. Nd3 exf4 24. Bxf4 Bd7 25. Nf2 Rae8 26. Nxe4 Qxe4 27. Qxe4 Rxe4
28. Bd3 Ra4 29. Bc1 Rxa2 30. gxf5 Bf6 31. Rde1 Ra1 32. c3 Re8 33. Re6 Bxe6 34.
fxe6+ Kg8 35. Bxh6 Rxf1+ 36. Kxf1 c6 37. Be4 cxd5 38. Bxd5 Kh7 39. Bd2 b5 40.
Ke2 Kg7 41. Kf3 Rh8 42. Kg3 Kf8 43. Bc6 Ke7 44. Bxb5 Kxe6 45. c4 Be5+ 46. Kg2
Ra8 47. b3 Rg8+ 48. Kf2 Bd4+ 49. Kf3 Bb6 50. h4 Rg1 51. Ba4 Bd8 52. h5 Rd1 53.
Ke2 Rh1 54. h6 Rh3 55. Kd1 Ke5 56. Ke2 Kd4 57. Bf4 Be7 58. Kf2 Ke4 59. Kg2 Rh5
60. Be8 Rh4 61. Bd2 Kd3 62. Bxa5 Rxh6 63. Kf3 Rf6+ 64. Kg4 Rf8 65. Bb5 Kd4 66.
Bb6+ Ke5 67. Ba5 Rf4+ 68. Kg3 Bh4+ 69. Kg2 Rf2+ 70. Kh3 Bg5 71. Kg3 Re2 72. Ba4
Bf4+ 73. Kf3 Re3+ 74. Kf2 Rh3 75. Kg2 Rd3 76. Kf2 Ke4 77. Bc6+ Kd4 78. Bb6+ Ke5
79. Ba4 Rc3 80. Ke2 Bc1 81. Ba5 Rh3 82. Bb6 Ba3 83. Be3 Bc5 84. Bc1 Bb4 85. Be3
Bc5 86. Bc1 Rh1 87. Bd2 Rg1 88. Bc3+ Bd4 89. Bd2 Rg2+ 90. Kd3 Rg3+ 91. Ke2 Bc3
92. Be3 Ba5 93. Bc6 Rh3 94. Ba4 Bd8 95. Bc6 Bh4 96. b4 Bg3 97. b5 Bf4 98. Bf2
Rh2 99. Kf3 Rh3+ 100. Ke2 Rh2 1/2-1/2

[Event "Zurich Korchnoi Open 2017"]
[Site "Zurich SUI"]
[Date "2017.04.14"]
[Round "2.4"]
[White "Motylev, Alexander"]
[Black "Lazarev, Vladimir"]
[Result "1-0"]
[WhiteTitle "GM"]
[BlackTitle "GM"]
[WhiteElo "2658"]
[BlackElo "2373"]
[WhiteFideId "4121830"]
[BlackFideId "4113250"]
[EventDate "2017.04.13"]

1. e4 c5 2. Nf3 e6 3. d4 cxd4 4. Nxd4 a6 5. Bd3 Nf6 6. O-O Qc7 7. Qe2 d6 8. c4
g6 9. Nc3 Bg7 10. Nf3 O-O 11. Bf4 Nbd7 12. Rac1 b6 13. Rfd1 Nh5 14. Be3 Bb7 15.
Bb1 Rfe8 16. Qd2 Bf8 17. h3 Rac8 18. b3 Qb8 19. Bg5 Ba8 20. Nd4 Rc5 21. Bd3 Rcc8
22. Re1 Bg7 23. Bb1 Bf8 24. Rcd1 Nhf6 25. Bh4 Be7 26. Bg3 e5 27. Nc2 b5 28. cxb5
axb5 29. Nb4 Bd8 30. a3 Ba5 31. Nba2 Bxc3 32. Nxc3 b4 33. axb4 Qxb4 34. Re3 Rc6
35. f3 Rec8 36. Na2 Qxd2 37. Rxd2 Rb6 38. Red3 d5 39. exd5 e4 40. fxe4 Nxe4 41.
Rd1 Ndc5 42. Rc1 Rf8 43. Bc7 Rxb3 44. Rxb3 Nxb3 45. Bxe4 Nxc1 46. Nxc1 Re8 47.
d6 Rxe4 48. d7 Rd4 49. d8=Q+ Rxd8 50. Bxd8 f5 51. h4 Kf7 52. Bg5 Ke6 53. Kf2 Bd5
54. Nd3 Bc6 55. g3 Bb5 56. Nf4+ Kf7 57. Bh6 Kf6 58. Ke3 Ke5 59. Bg7+ Kd6 60. Kd4
Be8 61. Bf8+ Kd7 62. Ke5 Bf7 63. Kf6 Ke8 64. Bh6 1-0

[Event "Zurich Korchnoi Open 2017"]
[Site "Zurich SUI"]
[Date "2017.04.14"]
[Round "2.9"]
[White "Friedrich, Norbert"]
[Black "Bauer, Christian"]
[Result "0-1"]
[WhiteTitle "FM"]
[BlackTitle "GM"]
[WhiteElo "2250"]
[BlackElo "2619"]
[WhiteFideId "4602102"]
[BlackFideId "603767"]
[EventDate "2017.04.13"]

1. e4 g6 2. d4 Bg7 3. Nf3 d6 4. Be2 Nd7 5. O-O e5 6. c3 Ngf6 7. dxe5 dxe5 8. Qc2
O-O 9. Bg5 h6 10. Bh4 Qe8 11. Re1 Nc5 12. Nbd2 a5 13. Bf1 Nh5 14. Nc4 Bg4 15.
Nfd2 Be6 16. Ne3 Nf4 17. a4 Kh8 18. f3 f6 19. Bf2 b6 20. Red1 f5 21. Bc4 Bxc4
22. Ndxc4 fxe4 23. fxe4 Qe6 24. Rd2 Rf7 25. b3 Raf8 26. Rad1 Qc6 27. Nd5 Nce6
28. Nce3 Ng5 29. Bg3 Qc5 30. b4 axb4 31. cxb4 Qxc2 32. Rxc2 Nxe4 33. Be1 Ne6 34.
h3 c5 35. Nxb6 Nd4 36. Rc4 cxb4 37. Bxb4 Rb8 38. a5 h5 39. Ned5 Rf2 40. Re1 Ne2+
41. Kh2 Ng5 42. h4 Nf3+ 43. Kh3 Nxe1 44. Bxe1 Rf1 45. Bg3 Nxg3 46. Kxg3 Ra1 47.
Rc5 Ra3+ 48. Kf2 e4 0-1

[Event "Zurich Korchnoi Open 2017"]
[Site "Zurich SUI"]
[Date "2017.04.14"]
[Round "2.12"]
[White "Tregubov, Pavel V."]
[Black "Salzgeber, Frank"]
[Result "1-0"]
[WhiteTitle "GM"]
[WhiteElo "2579"]
[BlackElo "2211"]
[WhiteFideId "4115341"]
[BlackFideId "1304860"]
[EventDate "2017.04.13"]

1. c4 Nf6 2. Nc3 e5 3. Nf3 Nc6 4. g3 Bb4 5. Bg2 O-O 6. O-O e4 7. Ng5 Bxc3 8.
bxc3 Re8 9. f3 e3 10. dxe3 Qe7 11. e4 Qc5+ 12. Kh1 Qxc4 13. Qd3 Ne5 14. Qxc4
Nxc4 15. Rd1 d6 16. Rd4 Na5 17. Rb1 b6 18. Nh3 Ba6 19. Nf4 Bc4 20. Rb2 Rad8 21.
h4 Re5 22. Kg1 Rb5 23. Rxb5 Bxb5 24. Kf2 Re8 25. g4 Bc4 26. g5 Nd7 27. Nd5 Bxd5
28. exd5 Nb7 29. e4 Nbc5 30. Bf1 f6 31. Rd1 Kf7 32. Be3 a6 33. Bd4 b5 34. Kg3
Rb8 35. Bh3 b4 36. gxf6 gxf6 37. h5 bxc3 38. Bxc3 Rg8+ 39. Kf2 Rg5 40. Rh1 Ne5
41. Bf5 h6 42. Rh3 Ned3+ 43. Ke3 Rg2 44. Rh1 Rxa2 45. Rg1 Ne5 46. Bxe5 dxe5 47.
Rg6 Ra3+ 48. Ke2 Ra2+ 49. Ke3 Ra3+ 50. Ke2 Ra2+ 51. Kf1 Ra1+ 52. Kg2 Nd3 53.
Rxh6 Nf4+ 54. Kf2 Ra2+ 55. Kf1 Ra1+ 56. Kf2 Ra2+ 57. Ke1 Rc2 58. Kd1 Rc5 59.
Rh7+ Kf8 60. h6 Ng2 61. Rh8+ Ke7 62. h7 Ne3+ 63. Ke2 1-0

[Event "Zurich Korchnoi Open 2017"]
[Site "Zurich SUI"]
[Date "2017.04.14"]
[Round "3.1"]
[White "Hera, Imre Jr."]
[Black "Van Wely, Loek"]
[Result "1/2-1/2"]
[WhiteTitle "GM"]
[BlackTitle "GM"]
[WhiteElo "2608"]
[BlackElo "2669"]
[WhiteFideId "716855"]
[BlackFideId "1000268"]
[EventDate "2017.04.13"]

1. Nf3 Nf6 2. g3 g6 3. b3 Bg7 4. Bb2 O-O 5. Bg2 c5 6. c4 Nc6 7. O-O d6 8. Nc3 e5
9. e3 h6 10. Rc1 Be6 11. d4 exd4 12. exd4 Bg4 13. dxc5 dxc5 14. h3 Be6 1/2-1/2

[Event "Zurich Korchnoi Open 2017"]
[Site "Zurich SUI"]
[Date "2017.04.14"]
[Round "3.2"]
[White "Zhigalko, Andrey"]
[Black "Motylev, Alexander"]
[Result "1/2-1/2"]
[WhiteTitle "GM"]
[BlackTitle "GM"]
[WhiteElo "2577"]
[BlackElo "2658"]
[WhiteFideId "13502247"]
[BlackFideId "4121830"]
[EventDate "2017.04.13"]

1. e4 e5 2. Nf3 Nc6 3. Bb5 g6 4. O-O Bg7 5. c3 a6 6. Bxc6 dxc6 7. d4 exd4 8.
cxd4 Bg4 9. Nc3 Ne7 10. Bf4 O-O 11. Re1 Qc8 12. Re3 h6 13. h3 Be6 14. Qe2 b6 15.
Rd1 Qb7 16. Be5 f6 17. Bh2 Kh7 18. d5 Bg8 19. Nd4 cxd5 20. exd5 Nxd5 21. Nxd5
Bxd5 22. Ne6 Bxe6 23. Rxe6 Rad8 24. Re7 Rxd1+ 25. Qxd1 Qc6 26. Bxc7 b5 27. Qd7
Qxd7 28. Rxd7 Re8 29. Kf1 Re6 30. Rd6 Rxd6 1/2-1/2

[Event "Zurich Korchnoi Open 2017"]
[Site "Zurich SUI"]
[Date "2017.04.14"]
[Round "3.3"]
[White "Berkes, Ferenc"]
[Black "Perunovic, Milos"]
[Result "1-0"]
[WhiteTitle "GM"]
[BlackTitle "GM"]
[WhiteElo "2648"]
[BlackElo "2611"]
[WhiteFideId "718572"]
[BlackFideId "921629"]
[EventDate "2017.04.13"]

1. d4 d5 2. Nf3 Nf6 3. g3 c5 4. Bg2 cxd4 5. O-O e6 6. Nxd4 e5 7. Nb3 Be6 8. c4
Nc6 9. cxd5 Nxd5 10. N1d2 Be7 11. Ne4 b6 12. Nc3 Ndb4 13. Qxd8+ Rxd8 14. a3 Nd5
15. Nxd5 Bxd5 16. Be3 Bxg2 17. Kxg2 Kd7 18. Rfc1 Rc8 19. Rc4 Bd6 20. Rd1 Ke6 21.
g4 h5 22. h3 hxg4 23. hxg4 Ne7 24. Re4 Rhd8 25. Nd4+ Kf6 26. Nf3 Ke6 27. Ng5+
Kf6 28. Kf3 Bb8 29. Rxd8 Rxd8 30. Rc4 Nd5 31. Bd2 Ke7 32. a4 f6 33. Ne4 Kd7 34.
a5 g6 35. axb6 axb6 36. Ng3 Bd6 37. g5 f5 38. e4 Ne7 39. Ra4 Rc8 40. Bc3 Ke6 41.
Ra6 Bc5 42. Ke2 Nc6 43. exf5+ gxf5 44. Nh5 f4 45. Nf6 Kf5 46. Nd7 Nd4+ 47. Kf1
Rh8 48. Nxc5 bxc5 49. g6 f3 50. Ke1 Rg8 51. Kd2 Ne6 52. Rd6 Rxg6 53. Rd5 Nd4 54.
Ke3 Rg2 55. Rxc5 Kg4 56. Rc4 Rg1 57. Ke4 Nb5 58. Bxe5 Re1+ 59. Kd3+ Kh3 60. Re4
Rd1+ 61. Ke3 Nd6 62. Bxd6 Rxd6 63. Kxf3 1-0

[Event "Zurich Korchnoi Open 2017"]
[Site "Zurich SUI"]
[Date "2017.04.14"]
[Round "3.6"]
[White "Jenni, Florian"]
[Black "Ivanisevic, Ivan"]
[Result "0-1"]
[WhiteTitle "GM"]
[BlackTitle "GM"]
[WhiteElo "2472"]
[BlackElo "2633"]
[WhiteFideId "1304232"]
[BlackFideId "912417"]
[EventDate "2017.04.13"]

1. e4 c5 2. Nf3 e6 3. c3 d5 4. exd5 exd5 5. d4 Nc6 6. Be3 c4 7. b3 cxb3 8. axb3
Bd6 9. Bd3 Nge7 10. Nh4 Be6 11. Nd2 Qd7 12. Qb1 h6 13. f4 Qc7 14. f5 Bd7 15.
Ndf3 Ng8 16. O-O Nf6 17. Kh1 Ng4 18. Bg1 O-O 19. c4 Rfe8 20. c5 Bf4 21. b4 Be3
22. g3 a5 23. bxa5 Nxa5 24. Ng2 Bxg1 25. Kxg1 Nc4 26. Re1 Rxe1+ 27. Qxe1 Re8 28.
Qb4 Qc8 29. Nfh4 Nf6 30. Re1 Rxe1+ 31. Qxe1 b6 32. cxb6 Nxb6 33. Nf4 Nc4 34. Qc3
Qe8 35. Nfg2 Nd6 36. Qe1 Qa8 37. h3 Qa4 38. Qe3 Qd1+ 39. Kh2 Nde4 40. Be2 Qa4
41. g4 Bb5 42. Bf3 Qc2 43. Kg1 Nd2 44. Ne1 Qc1 45. Ng2 Bf1 46. Kf2 Qb2 47. Kg1
Nxf3+ 48. Qxf3 Bxg2 49. Nxg2 Qxd4+ 50. Qe3 Qd1+ 51. Qe1 Qxe1+ 52. Nxe1 Kf8 53.
Kf2 Ke7 54. Ke3 Kd6 55. Nd3 Nd7 56. Kf4 f6 57. Ke3 h5 58. gxh5 Nc5 59. Nf2 Ke5
60. Ng4+ Kxf5 61. Kd4 Ne6+ 62. Kxd5 Nf4+ 63. Kd4 Nxh5 64. Ke3 Kg5 65. Kf3 Kh4
66. Nf2 f5 67. Kg2 Nf4+ 68. Kf3 Nxh3 69. Nd3 g5 0-1

[Event "Zurich Korchnoi Open 2017"]
[Site "Zurich SUI"]
[Date "2017.04.14"]
[Round "3.7"]
[White "Bauer, Christian"]
[Black "Martirosyan, Haik M."]
[Result "1-0"]
[WhiteTitle "GM"]
[BlackTitle "IM"]
[WhiteElo "2619"]
[BlackElo "2515"]
[WhiteFideId "603767"]
[BlackFideId "13306553"]
[EventDate "2017.04.13"]

1. d4 Nf6 2. g3 d5 3. Nf3 c6 4. c4 g6 5. Qa4 e6 6. Bg2 Bg7 7. O-O O-O 8. Nc3 Ne4
9. Qc2 f5 10. Bf4 Nd7 11. Rad1 Qe7 12. h4 Nd6 13. b3 Nf7 14. Ng5 dxc4 15. bxc4
e5 16. dxe5 Ndxe5 17. Na4 Nxg5 18. hxg5 Be6 19. e4 fxe4 20. Qxe4 Bf5 21. Qe3
Rfe8 22. Nc5 Qf7 23. Qb3 Re7 24. Rc1 Rd8 25. Rfd1 Rxd1+ 26. Rxd1 b6 27. Rd8+ Re8
28. Nb7 Qe7 29. Rxe8+ Qxe8 30. Nd6 Qe6 31. Nxf5 gxf5 32. c5 Qxb3 33. axb3 Kf7
34. cxb6 axb6 35. Bxe5 Bxe5 36. f4 Bd4+ 37. Kf1 c5 38. Bd5+ Kg6 39. Be6 b5 40.
Ke2 b4 41. Kf3 Bc3 42. Bc4 Kg7 43. Bd3 Bd2 44. Bxf5 Bc1 45. Bd3 Bd2 46. Kg4 Be3
47. Kh5 Bf2 48. g4 Bd4 49. f5 Be5 50. f6+ Kh8 51. Kh6 Bf4 52. Bc2 c4 53. bxc4
Be3 54. Bb3 Bd4 55. Ba4 Be3 56. Bc2 Bc5 57. g6 1-0

[Event "Zurich Korchnoi Open 2017"]
[Site "Zurich SUI"]
[Date "2017.04.14"]
[Round "3.8"]
[White "Shirov, Alexei"]
[Black "Esipenko, Andrey"]
[Result "1/2-1/2"]
[WhiteTitle "GM"]
[BlackTitle "FM"]
[WhiteElo "2693"]
[BlackElo "2492"]
[WhiteFideId "2209390"]
[BlackFideId "24175439"]
[EventDate "2017.04.13"]

1. d4 Nf6 2. c4 e6 3. Nf3 b6 4. g3 Bb7 5. Bg2 Be7 6. O-O O-O 7. Nc3 Ne4 8. Bd2
Bf6 9. Ne5 Nxc3 10. Bxc3 Bxg2 11. Kxg2 c5 12. dxc5 bxc5 13. Qd6 a5 14. Rad1 Be7
15. Qd3 d6 16. Qf3 Ra6 17. e4 Bf6 18. Ng4 Bxc3 19. bxc3 Nd7 20. Rd2 Qc7 21. Rfd1
f6 22. h4 Rb6 23. h5 h6 24. Qf4 Ne5 25. Nxe5 fxe5 26. Qg4 Qe7 27. a4 Kh8 28. Rd3
Rb2 29. R1d2 Rxd2 30. Rxd2 Rb8 31. Qe2 Qd7 32. Rb2 Rxb2 33. Qxb2 Qxa4 34. Qb5
Qc2 35. Qe8+ Kh7 36. Qg6+ Kh8 1/2-1/2

[Event "Zurich Korchnoi Open 2017"]
[Site "Zurich SUI"]
[Date "2017.04.14"]
[Round "3.9"]
[White "Safarli, Eltaj"]
[Black "Weinzettl, Ernst"]
[Result "1-0"]
[WhiteTitle "GM"]
[BlackTitle "IM"]
[WhiteElo "2680"]
[BlackElo "2294"]
[WhiteFideId "13402129"]
[BlackFideId "1600575"]
[EventDate "2017.04.13"]

1. e4 e6 2. d4 d5 3. Nc3 Nf6 4. Bg5 Be7 5. e5 Nfd7 6. Bxe7 Qxe7 7. f4 a6 8. Nf3
b6 9. Qd2 c5 10. Nd1 Nc6 11. c3 Bb7 12. Bd3 cxd4 13. cxd4 Qb4 14. Ne3 O-O 15. f5
Rfc8 16. g4 a5 17. Qxb4 axb4 18. Kd2 Ra5 19. a4 bxa3 20. Rxa3 Rxa3 21. bxa3 Ra8
22. Ra1 Na5 23. Ke2 Rc8 24. Bb5 Bc6 25. Bxc6 Rxc6 26. Kd3 h6 27. Rb1 Nc4 28.
Nxc4 Rxc4 29. Nd2 Ra4 30. Rb3 Kf8 31. Nb1 Ke7 32. Nc3 Ra8 33. Nb5 h5 34. fxe6
fxe6 35. gxh5 Rh8 36. Ke2 Rxh5 37. h3 Rg5 38. Rc3 Rh5 39. Rc8 Rg5 40. a4 Rf5 41.
Ra8 Rf8 42. Ra7 Rc8 43. Nd6 Rh8 44. Kd2 g6 45. Kc2 Rd8 46. Kb3 Rh8 47. Kb4 Rh4
48. Kb5 Rxh3 49. Ra8 Rb3+ 50. Kc6 Rc3+ 51. Kb7 Nc5+ 52. dxc5 bxc5 53. Kc6 1-0

[Event "Zurich Korchnoi Open 2017"]
[Site "Zurich SUI"]
[Date "2017.04.14"]
[Round "3.11"]
[White "Klundt, Klaus"]
[Black "Miezis, Normunds"]
[Result "1/2-1/2"]
[WhiteTitle "IM"]
[BlackTitle "GM"]
[WhiteElo "2314"]
[BlackElo "2468"]
[WhiteFideId "4600436"]
[BlackFideId "11600136"]
[EventDate "2017.04.13"]

1. e4 c5 2. Nf3 e6 3. d4 cxd4 4. Nxd4 a6 5. Bd3 Nc6 6. Nxc6 dxc6 7. O-O e5 8.
Nd2 Nf6 9. Nc4 Nd7 10. a4 Bc5 11. Qh5 O-O 12. Bg5 f6 13. Bd2 Qe7 14. Kh1 g6 15.
Qe2 Bd4 16. c3 Ba7 17. Rad1 Nc5 18. Bc2 b5 19. Na5 Qc7 20. b4 Be6 21. axb5 cxb5
22. c4 Nb7 23. Bh6 Rfb8 24. cxb5 Nxa5 25. bxa5 axb5 26. Qf3 Qe7 27. Bb3 Bd4 28.
Rc1 Rc8 29. Qd3 b4 30. Bd2 Rcb8 31. Rb1 1/2-1/2

[Event "Zurich Korchnoi Open 2017"]
[Site "Zurich SUI"]
[Date "2017.04.14"]
[Round "3.12"]
[White "Koehler, Gerhard2"]
[Black "Ballmann, Martin"]
[Result "1/2-1/2"]
[BlackTitle "IM"]
[WhiteElo "2158"]
[BlackElo "2395"]
[WhiteFideId "12909700"]
[BlackFideId "1300350"]
[EventDate "2017.04.13"]

1. c4 g6 2. Nc3 Bg7 3. g3 c5 4. Bg2 Nc6 5. a3 a6 6. Rb1 Rb8 7. b4 cxb4 8. axb4
b5 9. cxb5 axb5 10. Nf3 d5 11. d4 e6 12. O-O Nge7 13. e3 Nf5 14. Ne1 h5 15. h3
Bd7 16. Nd3 1/2-1/2

[Event "Zurich Korchnoi Open 2017"]
[Site "Zurich SUI"]
[Date "2017.04.14"]
[Round "3.13"]
[White "Moor, Roger"]
[Black "Tueckmantel, Rene"]
[Result "1-0"]
[WhiteTitle "IM"]
[WhiteElo "2397"]
[BlackElo "2156"]
[WhiteFideId "1302590"]
[BlackFideId "24618012"]
[EventDate "2017.04.13"]

1. c4 c5 2. g3 Nf6 3. Bg2 d5 4. cxd5 Nxd5 5. Nc3 Nc7 6. Nf3 Nc6 7. a3 a5 8. O-O
e5 9. d3 Be7 10. Nd2 Bd7 11. Nc4 f6 12. Be3 O-O 13. Rc1 Ne6 14. Nd5 Ra6 15. Qb3
Bc8 16. Nxe7+ Qxe7 17. Nb6 Kh8 18. Nxc8 Rxc8 19. Qb5 Ned4 20. Bxd4 cxd4 21. Rc2
Qc7 22. Rfc1 Qb6 23. Rc5 g6 24. Qc4 Kg7 25. Qe6 Rc7 26. Bd5 Qxb2 27. Qg8+ Kh6
28. Qf8+ Rg7 29. R5c2 Qb6 30. Qxf6 Qd8 31. Qe6 Re7 32. Qh3+ Kg7 33. Bxc6 Rxc6
34. Rxc6 bxc6 35. Qh4 Qd7 36. Rxc6 Re6 37. Rc5 a4 38. Qe4 Qd6 39. Ra5 Qxa3 40.
Ra7+ Re7 41. Qxe5+ Kf7 42. Qd5+ Kf8 43. Qd8+ Kf7 44. Qd5+ Kf8 45. Qa8+ Kf7 46.
Rxa4 Qc1+ 47. Kg2 Qd2 48. Qd5+ Kg7 49. Qxd4+ Kf7 50. Qd5+ Kg7 51. Re4 Rf7 52.
Qd4+ 1-0

[Event "Zurich Korchnoi Open 2017"]
[Site "Zurich SUI"]
[Date "2017.04.14"]
[Round "3.14"]
[White "Lazarev, Vladimir"]
[Black "Golubeva, Oksana"]
[Result "1-0"]
[WhiteTitle "GM"]
[BlackTitle "WFM"]
[WhiteElo "2373"]
[BlackElo "2154"]
[WhiteFideId "4113250"]
[BlackFideId "4170164"]
[EventDate "2017.04.13"]

1. d4 e6 2. c4 d5 3. Nf3 Nf6 4. g3 Nbd7 5. Qc2 Ne4 6. Bg2 Be7 7. O-O O-O 8. b3
Re8 9. Bb2 c6 10. Nbd2 Nxd2 11. Nxd2 f5 12. e3 Bf6 13. Rfc1 Nf8 14. b4 Bd7 15.
a4 Qe7 16. Bc3 Rac8 17. Qb2 g5 18. c5 Ng6 19. f4 g4 20. h3 gxh3 21. Bxh3 Qg7 22.
Kf2 Kf7 23. Rh1 Rg8 24. Rag1 Ke7 25. Nf3 Qf7 26. b5 Qe8 27. Bf1 Rg7 28. Bd3 Qg8
29. Qb4 Kf7 30. Rh3 Qd8 31. Rb1 Kg8 32. Rhh1 Kh8 33. Qa3 Qg8 34. Rh3 Qe8 35. Qb4
Qd8 36. a5 cxb5 37. Bxb5 Qe8 38. a6 bxa6 39. Bxa6 Rd8 40. Qa3 Bc6 41. Rhh1 Qg8
42. Rh3 Nf8 43. Ba5 Re8 44. Qc1 Nd7 45. Bd3 Nf8 46. Kg2 Qf7 47. Be1 Nd7 48. Bb5
Nb8 49. Bxc6 Nxc6 50. Qa3 Rb8 51. Rxb8+ Nxb8 52. Bf2 Qe8 53. Rh1 Rb7 54. Ra1 Kg7
55. Ne1 Qb5 56. Qa4 a6 57. Qd1 Qb3 58. Nc2 Qb2 59. g4 h6 60. gxf5 exf5 61. Qd3
Rf7 62. Rg1 Be7 63. Ne1 Qb5 64. Qd1 Rf6 65. Kh1+ Rg6 66. Bg3 Qc6 67. Nf3 Nd7 68.
Qd3 Qe6 69. Kg2 a5 70. Kh2 Bd8 71. Rb1 Nf6 72. Rb7+ Be7 73. Ne5 Ne4 74. Nxg6
Qxg6 75. Rxe7+ Kf8 76. Rxe4 fxe4 77. Qe2 a4 78. f5 Qg5 79. c6 a3 80. c7 1-0

[Event "Zurich Korchnoi Open 2017"]
[Site "Zurich SUI"]
[Date "2017.04.14"]
[Round "3.15"]
[White "Fischer, Daniel"]
[Black "Aeschbach, Philipp"]
[Result "1/2-1/2"]
[BlackTitle "FM"]
[WhiteElo "2141"]
[BlackElo "2326"]
[WhiteFideId "1328360"]
[BlackFideId "1308220"]
[EventDate "2017.04.13"]

1. e4 e5 2. Nf3 Nc6 3. Bc4 Bc5 4. O-O Nf6 5. d3 d6 6. c3 a6 7. Re1 O-O 8. Bb3 h6
9. h3 Re8 10. Nbd2 Ba7 11. Nf1 Be6 12. Be3 Bxe3 13. Nxe3 d5 14. exd5 Nxd5 15.
Nc4 Nf4 16. Ncxe5 Nxe5 17. Rxe5 Nxd3 18. Re2 Nf4 19. Re4 Qf6 20. Bxe6 Rxe6 21.
Rxe6 fxe6 22. Nd4 Rf8 23. Qf3 e5 24. Nb3 Nxh3+ 25. Qxh3 Qxf2+ 26. Kh1 Rf4 27. g3
Rf3 28. Rg1 Qc2 29. Rf1 Rxf1+ 30. Qxf1 Qxb2 31. Qc4+ Kh8 32. Qd3 Qxa2 33. Qd8+
Kh7 34. Qd3+ Kh8 35. Qd8+ Kh7 36. Qd3+ 1/2-1/2

[Event "Zurich Korchnoi Open 2017"]
[Site "Zurich SUI"]
[Date "2017.04.15"]
[Round "4.1"]
[White "Tregubov, Pavel V."]
[Black "Berkes, Ferenc"]
[Result "1/2-1/2"]
[WhiteTitle "GM"]
[BlackTitle "GM"]
[WhiteElo "2579"]
[BlackElo "2648"]
[WhiteFideId "4115341"]
[BlackFideId "718572"]
[EventDate "2017.04.13"]

1. c4 Nf6 2. Nc3 e5 3. g3 Bb4 4. Bg2 O-O 5. e4 Nc6 6. a3 Bxc3 7. bxc3 d6 8. d3
Ne8 9. Nf3 f5 10. exf5 Bxf5 11. h3 Nf6 12. Nh4 Be6 13. O-O d5 14. Rb1 Rb8 15. c5
Qe7 16. d4 e4 17. Qe2 b6 18. cxb6 Rxb6 19. Rxb6 cxb6 20. f3 exf3 21. Rxf3 Qd7
22. g4 Rc8 23. Rf1 Re8 24. Qd3 Ne4 25. Nf5 Na5 26. Ng3 Nxg3 27. Qxg3 Nc4 28. Re1
a5 29. Kh2 Nd6 30. Bf4 Nc4 31. Bc1 Nd6 32. Bf4 Nc4 33. Bc1 1/2-1/2

[Event "Zurich Korchnoi Open 2017"]
[Site "Zurich SUI"]
[Date "2017.04.15"]
[Round "4.2"]
[White "Ivanisevic, Ivan"]
[Black "Bauer, Christian"]
[Result "1/2-1/2"]
[WhiteTitle "GM"]
[BlackTitle "GM"]
[WhiteElo "2633"]
[BlackElo "2619"]
[WhiteFideId "912417"]
[BlackFideId "603767"]
[EventDate "2017.04.13"]

1. d4 d5 2. c4 dxc4 3. e3 e5 4. Bxc4 exd4 5. exd4 Nf6 6. Nf3 Bd6 7. Qe2+ Qe7 8.
Qxe7+ Bxe7 9. Nc3 O-O 10. O-O Nbd7 11. Re1 Bd6 12. Bg5 h6 13. Bh4 Nb6 14. Bb3
Bd7 15. Bxf6 gxf6 16. Ne4 Kg7 17. Nc5 Bc8 18. Rac1 c6 19. Nh4 Rd8 20. Rc3 Nd5
21. Rf3 Bxc5 22. dxc5 Be6 23. Nf5+ Bxf5 24. Rxf5 Re8 25. Kf1 Nb4 1/2-1/2